000 00557cam a22001934a 4500
005 20250605164057.0
008 250528s ||||||||||||||||||||||||d
035 _a17503
020 _a3811428926
040 _aGR-AtMCL
_bgre
_dGR-AtMCL
_eAACR2
245 1 _aEin Internationales Zivilverfahrensrecht Fur Gesamteuropa / EuGVU, Lugano - Ubereinkommen und die Rechtsentwicklungen in Mittel - und Osteuropa
260 _c1992
300 _a564
700 1 _aJayme Erik
_93643
700 1 _aMotibo
_93644
942 _cBK
999 _c2911
_d2911